000 00284nam a2200109Ia 4500
005 20251222114409.0
008 251222s1900||||xx |||||||||||||| ||spa||
082 _aDVD0193/E76/2001
245 0 _aProyecto genoma humano.
264 _bUniversidad Católica Sedes Sapientiae.
942 _cDVD
999 _c1955
_d1955